000 00238nam a2200097Ia 4500
005 20250424112918.0
008 250424s9999 xx 000 0 und d
300 _a78 p. :ill. ; 27 cm.
650 _aElectric power distribution.
942 _cSR
999 _c37833
_d37833